10 państw najbliżej Sierra Leone - Statystyki

Ogólne statystyki
  • Ten quiz został rozwiązany 10 razy
  • Średni wynik to 9 z 10
Statystyki odpowiedzi
km Państwo % Poprawnych
830 Ghana
100%
0 Gwinea
100%
300 Gwinea Bissau
100%
0 Liberia
100%
218 Mali
100%
565 Burkina Faso
90%
415 Gambia
90%
297 Senegal
90%
221 Wybrzeże Kości Słoniowej
90%
522 Mauretania
80%
Nie znaleziono quizów pasujących do podanych kryteriów
Rozkład punktacji
Procent ludzi z każdym wynikiem
Percentyl według liczby udzielonych odpowiedzi
Twoja historia wyników
Nie rozwiązałeś tego quizu